| 000 | 01483cab a2200553 4500 | ||
|---|---|---|---|
| 001 | ABS51377 | ||
| 008 | 090401t1994 xxu||||| |||| 00| 0 eng d | ||
| 035 | _a(Sirsi) u23912 | ||
| 041 | _aeng | ||
| 245 | _aEstates Times survey : M4 corridor | ||
| 260 | _c1994 | ||
| 350 | _a0 | ||
| 490 |
_aEstates Times _v(1250) 23 September 1994, 9-45(33) |
||
| 650 | _aAIR FREIGHT INDUSTRY | ||
| 650 | _aAIRPORT-RELATED WAREHOUSING | ||
| 650 | _aBATH | ||
| 650 | _aBRACKNELL | ||
| 650 | _aBRENTFORD | ||
| 650 | _aBRISTOL DEVELOPMENT CORPORATION | ||
| 650 | _aBRISTOL | ||
| 650 | _aCARDIFF BAY DEVELOPMENT CORPORATION | ||
| 650 | _aCARDIFF | ||
| 650 | _aCHIPPENHAM | ||
| 650 | _aCHISWICK | ||
| 650 | _aDISTRIBUTION CENTRES | ||
| 650 | _aHAMMERSMITH | ||
| 650 | _aHEATHROW AIRPORT | ||
| 650 | _aHEATHROW | ||
| 650 | _aINDUSTRIAL MARKET | ||
| 650 | _aM4 CORRIDOR | ||
| 650 | _aMAIDENHEAD | ||
| 650 | _aNEWBURY | ||
| 650 | _aNEWPORT | ||
| 650 | _aPROPERTY-COMMERCIAL PROPERTY-OFFICE PROPERTY-OFFICE PROPERTY MARKET | ||
| 650 | _aREADING | ||
| 650 | _aPROPERTY-COMMERCIAL PROPERTY-RETAIL PROPERTY-RETAIL PROPERTY MARKET | ||
| 650 | _aSLOUGH | ||
| 650 | _aSTAINES | ||
| 650 | _aSWANSEA | ||
| 650 | _aSWINDON | ||
| 650 | _aTERMINAL 5 | ||
| 650 | _aTHAMES VALLEY | ||
| 650 | _aWALES | ||
| 650 | _aWINDSOR | ||
| 650 | _aWOKINGHAM | ||
| 690 | _aPROPERTY-COMMERCIAL PROPERTY-COMMERCIAL PROPERTY MARKET | ||
| 942 | _n0 | ||
| 948 | _c04/03/1997 | ||
| 999 |
_c16009 _d16009 |
||